[Event "Collado Villalba op-B 29th"]
[Site "Collado Villalba"]
[Date "2012.08.26"]
[Round "3"]
[White "Corral Sanchez, Jesus"]
[Black "Gonzalez del Valls, Javier"]
[Result "0-1"]
[WhiteElo "1660"]
[BlackElo "1754"]
[PlyCount "68"]
[EventDate "2012.08.24"]
[EventType "swiss"]
[EventRounds "9"]
[EventCountry "ESP"]
[SourceTitle "CBM 150 Extra"]
[Source "ChessBase"]
[SourceDate "2012.10.19"]
[SourceVersion "1"]
[SourceVersionDate "2012.10.19"]
[SourceQuality "1"]

1. e4 c5 2. Nf3 d6 3. d4 cxd4 4. Nxd4 Nf6 5. Nc3 a6 6. Be3 e6 7. f3 b5 8. Qd2 Nbd7 9. g4 h6 10. 0-0-0 Bb7 11. g5 hxg5 12. Bxg5 Rc8 13. Bd3 Ne5 14. Kb1 Be7 15. Rhg1 b4 16. Nce2 d5 17. Bxf6 gxf6 18. f4 dxe4 19. fxe5 exd3 20. Qxd3 fxe5 21. Nb3 Qxd3 22. Rxd3 Rxh2 23. Rg8+ Bf8 24. Re3 Rh1+ 25. Nbc1 Rc5 26. b3 Ke7 27. Reg3 Be4 28. Rg1 Rxg1 29. Rxg1 Rxc2 30. Ka1 Bf3 31. Ng3 Rg2 32. Rxg2 Bxg2 33. Nd3 a5 34. Nxe5 Bg7 0-1

[Event "Collado Villalba op-B 29th"]
[Site "Collado Villalba"]
[Date "2012.08.24"]
[Round "1"]
[White "Buergo Villanueva, Fernando"]
[Black "Gonzalez del Valls, Javier"]
[Result "0-1"]
[WhiteElo "1292"]
[BlackElo "1754"]
[PlyCount "72"]
[EventDate "2012.08.24"]
[EventType "swiss"]
[EventRounds "9"]
[EventCountry "ESP"]
[SourceTitle "CBM 150 Extra"]
[Source "ChessBase"]
[SourceDate "2012.10.19"]
[SourceVersion "1"]
[SourceVersionDate "2012.10.19"]
[SourceQuality "1"]

1. d4 d5 2. Nf3 Nf6 3. g3 g6 4. Bg2 Bg7 5. 0-0 0-0 6. h3 c6 7. Re1 Re8 8. Nc3 Na6 9. Bg5 Qc7 10. Bf4 Qb6 11. b3 Nh5 12. Bd2 Bxd4 13. Be3 Bxe3 14. fxe3 Qxe3+ 15. Kh2 Qxc3 16. Qd2 Qxd2 17. Nxd2 Nb4 18. Rec1 e5 19. c3 Na6 20. e3 Nc5 21. c4 Nd3 22. Rc3 e4 23. cxd5 cxd5 24. Rf1 Ng7 25. g4 Bd7 26. a4 Rac8 27. Nb1 b5 28. axb5 Bxb5 29. Rf6 Ne6 30. Rf1 Ne5 31. Rf2 Bd3 32. Rxc8 Rxc8 33. Nd2 Rc2 34. Kg3 Kg7 35. Nb1 Rxf2 36. Kxf2 Bxb1 0-1

[Event "Almansa op-B 6th"]
[Site "Almansa"]
[Date "2011.08.10"]
[Round "2.15"]
[White "Gomez Salinas, Nestor"]
[Black "Gonzalez del Valls, Javier"]
[Result "1/2-1/2"]
[WhiteElo "1912"]
[BlackElo "1726"]
[PlyCount "103"]
[EventDate "2011.08.09"]
[EventType "swiss"]
[EventRounds "9"]
[EventCountry "ESP"]
[SourceTitle "EXT 2024"]
[Source "ChessBase"]
[SourceDate "2023.10.10"]
[SourceVersion "1"]
[SourceVersionDate "2023.10.10"]
[SourceQuality "1"]

1. e4 c5 2. Nf3 d6 3. d4 cxd4 4. Nxd4 Nf6 5. Nc3 a6 6. f3 e6 7. Be3 b5 8. Qd2 Nbd7 9. g4 h6 10. h4 Bb7 11. a3 d5 12. exd5 Nxd5 13. Ne4 Nxe3 14. Qxe3 Qa5+ 15. c3 Rc8 16. Rd1 Qb6 17. Qe2 Nc5 18. Nxc5 Bxc5 19. Qe5 0-0 20. Be2 Qc7 21. Qxc7 Rxc7 22. Nb3 Be7 23. Kf2 Rd8 24. Kg3 Rcd7 25. Na5 Bd5 26. c4 bxc4 27. Nxc4 Bxc4 28. Rxd7 Rxd7 29. Bxc4 a5 30. Re1 Rb7 31. Re2 Bf6 32. b3 Be7 33. Ra2 Rd7 34. h5 Rd1 35. Kg2 Bc5 36. Be2 Rd8 37. Kg3 Kf8 38. f4 Ke7 39. g5 Bd6 40. Kg4 Bc5 41. Bc4 Rd4 42. a4 Bb4 43. Re2 Bd2 44. g6 f5+ 45. Kh3 Bxf4 46. Rxe6+ Kd7 47. Ra6 Bc7 48. Be6+ Ke7 49. Bxf5 Rd6 50. Ra8 Rc6 51. Rg8 Be5 52. Ra8 1/2-1/2

[Event "Collado Villalba op-B 26th"]
[Site "Collado Villalba"]
[Date "2009.08.25"]
[Round "5"]
[White "Alvarez Escudero, Manuel"]
[Black "Gonzalez del Valls, Javier"]
[Result "1/2-1/2"]
[WhiteElo "1876"]
[BlackElo "1731"]
[PlyCount "66"]
[EventDate "2009.08.21"]
[EventType "swiss"]
[EventRounds "9"]
[EventCountry "ESP"]
[SourceTitle "EXT 2011"]
[Source "ChessBase"]
[SourceDate "2010.11.26"]
[SourceVersion "1"]
[SourceVersionDate "2010.11.26"]
[SourceQuality "1"]

1. e4 c5 2. Nf3 d6 3. Bc4 Nf6 4. e5 dxe5 5. Nxe5 e6 6. 0-0 Be7 7. d3 Nbd7 8. Bf4 0-0 9. Nc3 a6 10. a3 Nxe5 11. Bxe5 b5 12. Bb3 Bb7 13. Qe2 Bd6 14. Rad1 Rc8 15. Rfe1 h6 16. f3 Bxe5 17. Qxe5 Qb6 18. Kh1 Rfd8 19. h3 Qd6 20. Qxd6 Rxd6 21. Re5 Kf8 22. Rde1 Nd7 23. R5e2 Nf6 24. Kg1 Kg8 25. Kf2 Kh7 26. Ne4 Nxe4+ 27. fxe4 Kg6 28. Ke3 Rcd8 29. Ba2 Kf6 30. Bb1 Rd4 31. c3 R4d7 32. Rf2+ Ke7 33. Ref1 f6 1/2-1/2